000 00445nam a22001817a 4500
003 LK-CoDNM
005 20250205161153.0
008 250205b |||||||| |||| 00| 0 eng d
040 _aLK-CoDNM
_dLK-CoDNM
_eLK-CoDNM
041 _aeng
080 _a73
100 _aSimpson, Keith
245 _aForensic Medicine
260 _aLondon
_bEdward Arnold & CO
_c1951
300 _aviii, 335p. : ill ; 22 cm
650 _aScience
942 _cBK
999 _c237868
_d237868